000 00835nam a22001817a 4500
999 _c58908
_d58908
003 Ge_BSU
005 20221017165911.0
008 221017s1949 ge ||||| |||| 00| 0 geo d
041 _ageo
080 _a1 + 16 დ-67
100 _aდოდაშვილი, სოლომონ
_915350
245 _aფილოსოფიის კურსი :
_bნაწ. 1, ლოგიკა /
_cსოლომონ დოდაშვილი ; საქ. სსრ მეცნ. აკადემია. ფილოსოფიის ინ-ტი.
264 _aთბილისი :
_bსახელგამი, პოლიტლიტერატურის სექტორი,
_c1949.
300 _a76 გვ.;
_b20 სმ.
653 _aფილოსოფია
653 _aლოგიკა
942 _2udc
_cBK